[Event "BEL-ch U18/20"]
[Site "Bruges"]
[Date "2012.04.14"]
[Round "9"]
[White "Nibbelink, Michael"]
[Black "Van Laeken, Jonathan"]
[Result "0-1"]
[WhiteElo "1150"]
[BlackElo "1198"]
[PlyCount "84"]
[EventDate "2012.04.08"]
[EventType "swiss"]
[EventRounds "9"]
[EventCountry "BEL"]
[SourceTitle "CBM 147 Extra"]
[Source "ChessBase"]
[SourceDate "2012.04.24"]
[SourceVersion "1"]
[SourceVersionDate "2012.04.24"]
[SourceQuality "1"]

1. e4 c5 2. Nc3 g6 3. Bc4 Bg7 4. Nf3 Nc6 5. a3 d6 6. 0-0 Nf6 7. Ng5 0-0 8. Re1 a6 9. d3 b5 10. Bd5 Nxd5 11. Nxd5 e6 12. Ne3 Qxg5 13. Ng4 Qe7 14. Be3 Bxb2 15. Ra2 Bc3 16. Bd2 Bg7 17. c3 Qh4 18. h3 Bb7 19. f3 f5 20. Nf2 Rae8 21. Rc2 Nb8 22. Re2 Nd7 23. Qe1 fxe4 24. dxe4 Ne5 25. Kh1 Nc4 26. Nd3 Qxe1+ 27. Bxe1 Nxa3 28. Rc1 Nc4 29. Bg3 Rd8 30. Kh2 a5 31. f4 Rc8 32. Rd1 Bxc3 33. Rf1 a4 34. e5 dxe5 35. Rff2 e4 36. Nc1 Bd4 37. Rf1 Bd5 38. Bf2 Rxf4 39. g3 Rxf2+ 40. Rfxf2 Bxf2 41. Rxf2 Rf8 42. Rxf8+ Kxf8 0-1

[Event "BEL-ch U18/20"]
[Site "Bruges"]
[Date "2012.04.09"]
[Round "2"]
[White "De Weird, Matthias"]
[Black "Nibbelink, Michael"]
[Result "1-0"]
[WhiteElo "1523"]
[BlackElo "1150"]
[PlyCount "75"]
[EventDate "2012.04.08"]
[EventType "swiss"]
[EventRounds "9"]
[EventCountry "BEL"]
[SourceTitle "CBM 147 Extra"]
[Source "ChessBase"]
[SourceDate "2012.04.24"]
[SourceVersion "1"]
[SourceVersionDate "2012.04.24"]
[SourceQuality "1"]

1. e4 e5 2. Bc4 Nf6 3. Nc3 Nc6 4. Nf3 Bb4 5. d3 0-0 6. Bg5 h6 7. Bh4 d6 8. h3 Nd4 9. a3 Bc5 10. Nd5 g5 11. Nxf6+ Qxf6 12. Nxd4 Bxd4 13. c3 Bc5 14. Bg3 Be6 15. Bb3 c6 16. h4 d5 17. hxg5 Qxg5 18. exd5 Bxd5 19. Bxd5 cxd5 20. Rh5 Qg6 21. Kf1 Rae8 22. d4 exd4 23. cxd4 Bxd4 24. Rxd5 Bxb2 25. Ra2 Bf6 26. Rd3 Rd8 27. Rad2 Qg5 28. Bd6 Be7 29. Rg3 Qxg3 30. fxg3 Bxd6 31. Rxd6 Rxd6 32. Qxd6 b6 33. Qc7 Kg7 34. Qxa7 Re8 35. Qxb6 Re6 36. Qxe6 fxe6 37. a4 Kf7 38. a5 1-0

[Event "BEL-ch U18/20"]
[Site "Bruges"]
[Date "2012.04.09"]
[Round "3"]
[White "Vanroose, Sibran"]
[Black "Nibbelink, Michael"]
[Result "1-0"]
[WhiteElo "1521"]
[BlackElo "1150"]
[PlyCount "61"]
[EventDate "2012.04.08"]
[EventType "swiss"]
[EventRounds "9"]
[EventCountry "BEL"]
[SourceTitle "CBM 147 Extra"]
[Source "ChessBase"]
[SourceDate "2012.04.24"]
[SourceVersion "1"]
[SourceVersionDate "2012.04.24"]
[SourceQuality "1"]

1. e4 e5 2. Nf3 Nc6 3. d4 Bd6 4. d5 Nce7 5. Nbd2 h6 6. Nc4 Nf6 7. Bd3 Ng6 8. Nxd6+ cxd6 9. 0-0 Nf4 10. Bxf4 exf4 11. Qd2 Nh5 12. Nd4 Qf6 13. Be2 g6 14. c3 0-0 15. Bxh5 gxh5 16. Nf5 Qg5 17. g3 h4 18. Qxf4 Qxf4 19. gxf4 Kh7 20. Kh1 h3 21. Rg1 b6 22. Rg7+ Kh8 23. Rag1 Bb7 24. Nxd6 Ba6 25. Nxf7+ Rxf7 26. Rxf7 Rg8 27. Rxg8+ Kxg8 28. Rxd7 Bd3 29. e5 a5 30. e6 Kf8 31. d6 1-0

[Event "BEL-ch U18/20"]
[Site "Bruges"]
[Date "2012.04.08"]
[Round "1"]
[White "Nibbelink, Michael"]
[Black "Huebben, Dominik"]
[Result "0-1"]
[WhiteElo "1150"]
[BlackElo "1760"]
[PlyCount "84"]
[EventDate "2012.04.08"]
[EventType "swiss"]
[EventRounds "9"]
[EventCountry "BEL"]
[SourceTitle "CBM 147 Extra"]
[Source "ChessBase"]
[SourceDate "2012.04.24"]
[SourceVersion "1"]
[SourceVersionDate "2012.04.24"]
[SourceQuality "1"]

1. e4 Nf6 2. Nc3 d5 3. exd5 Nxd5 4. Nxd5 Qxd5 5. Nf3 Bg4 6. Be2 Nc6 7. h3 Bh5 8. 0-0 0-0-0 9. a3 e5 10. d3 e4 11. dxe4 Qxe4 12. Bd2 Bd6 13. Re1 Bg6 14. Bd3 Qd5 15. Bxg6 hxg6 16. Bg5 Qxd1 17. Raxd1 Rd7 18. c3 f6 19. Bh4 Rhd8 20. Nd4 Nxd4 21. cxd4 Bc5 22. d5 c6 23. b4 Bb6 24. Bg3 Bc7 25. Bxc7 Kxc7 26. d6+ Rxd6 27. Rxd6 Rxd6 28. Re7+ Rd7 29. Rxd7+ Kxd7 30. g3 Kd6 31. Kf1 Kd5 32. Ke2 Kc4 33. f4 Kb3 34. Ke3 Kxa3 35. g4 Kxb4 36. Ke4 a5 37. h4 a4 38. f5 a3 39. g5 gxf5+ 40. Kxf5 fxg5 41. hxg5 a2 42. Kg6 a1Q 0-1

[Event "BEL-ch U16"]
[Site "Houffalize"]
[Date "2009.04.19"]
[Round "9"]
[White "Decrop, Benjamin"]
[Black "Nibbelink, Michael"]
[Result "1-0"]
[WhiteElo "1787"]
[BlackElo "858"]
[PlyCount "75"]
[EventDate "2009.04.13"]
[EventType "swiss"]
[EventRounds "9"]
[EventCountry "BEL"]
[SourceTitle "EXT 2012"]
[Source "ChessBase"]
[SourceDate "2011.11.24"]
[SourceVersion "1"]
[SourceVersionDate "2011.11.24"]
[SourceQuality "1"]

1. e4 e5 2. Nf3 Nc6 3. Bb5 a6 4. Ba4 Bd6 5. 0-0 Nge7 6. Re1 b6 7. c3 Bb7 8. d4 exd4 9. cxd4 0-0 10. a3 Nc8 11. e5 Be7 12. d5 N6a7 13. Bc2 g6 14. Nc3 d6 15. e6 f6 16. Bh6 Re8 17. Qd2 b5 18. Bd3 Nb6 19. Qc2 f5 20. Qb3 c5 21. dxc6 Bxc6 22. Nd4 Qc8 23. a4 Rb8 24. axb5 Bxb5 25. Ncxb5 Nxb5 26. Bxb5 axb5 27. Rec1 Nc4 28. Ra2 Qc5 29. Nxb5 Rxb5 30. Qxc4 Qxc4 31. Rxc4 Re5 32. Bd2 Bg5 33. Bc3 R5xe6 34. g3 d5 35. Rc7 Bh6 36. Raa7 Rf8 37. Rxh7 g5 38. Rh8# 1-0